000 00442nam a2200181Ia 4500
005 20240823010510.0
008 240823s9999||||xx |||||||||||||| ||und||
041 _aENGLISH
082 _A372.6521 N9
100 _a"Sharpe,Pamila J"
245 0 _aHow to prepare for the TOEFL Test 1999
250 _a8th
260 _c1999
_b"Galgotia,New Delhi"
500 _aTRANSFERED
650 _aGeneral
_bGeneral
942 _cBK
999 _c158800
_d158800